000 01132nam a2200301Ia 4500
003 OSt
005 20221007123336.0
006 a|||||r|||| 00| 0
007 ta
008 221006b |||||||| |||| 00| 0 eng d
020 _a0074624563 (pbk)
_cRs.230.00
024 _a8619
037 _bN R Book,
_cTextual
040 _aPAPL
_cPAPL
_beng
041 _2eng
_aeng
082 _aD65,4, M6
100 _aTaub Herbert
245 0 _aPrinciples of communication systems by Herbert Taub and Donald L Schilling
_b Schilling Donald L
250 _aEd 2
260 _aNew
_bDelhi Tata McGraw-Hill Publishing Company Limited
_c1986
300 _axvii,759p
_ccm.
500 _aIncludes bibliographical references; Index 751-759p; ^n23/CSL/CARPA/2001-2002/360^d2001-10-07^mPurchase; ; 2001-2002/235^b2001-10-23^c059/01^d2001-10-10^eRs.1,476.00^fN R Book Distributors; ; 2001-01-07^bSB^c2002-02-15^dRPS
650 _a Communication
650 _aElectronic
_9717116
700 _a Schilling Donald L
942 _hD65,4, M6
_cTEXL
_2CC
999 _c1211721
_d1211721